| 000 | 00419cam a22001217a 4500 | ||
|---|---|---|---|
| 008 | 180718b1992 xxu||||| |||| 00| 0 eng d | ||
| 082 | _aA81x54 In2/81/2/Pt8A&B/4 | ||
| 100 | _aCensus of India 1981 | ||
| 245 | _aAndhra Pradesh: household tables on scheduled castes | ||
| 260 |
_aDelhi _bController of Publications _c1992 |
||
| 300 | _a988p. | ||
| 440 | _aCensus of India 1981. Series-2, Andhra Pradesh. Part VIII-A & B (IV) | ||
| 999 |
_c475463 _d475463 |
||